| 000 | 01156cam a2200241 4500 | ||
|---|---|---|---|
| 008 | 030506n2003 000 0 eng u | ||
| 020 | _a9264198253 | ||
| 035 | _a(Sirsi) u122193 | ||
| 041 | _aeng | ||
| 050 |
_a333.72 _c18 |
||
| 110 | _aOrganisation for Economic Co-Operation and Development | ||
| 245 |
_aEnvironmentally sustainable buildings _bchallenges and policies |
||
| 260 |
_aParis _bOECD _c2003 |
||
| 300 |
_a195p. _c23cm. |
||
| 350 | _a25 | ||
| 520 | _aFinal report of the four year OECD sustainable building project which aims to improve environmental policies for the construction industry. The findings discuss the environmental and economic impacts, the current environmental policies and the unique characteristics of the industry, together with the barriers to improvement. The report presents recommendations for the design and implementation of policies for environmentally sustainable buildings. | ||
| 650 | _aCONSTRUCTION INDUSTRY | ||
| 650 | _aENVIRONMENTALLY FRIENDLY BUILDINGS | ||
| 650 | _aSUSTAINABLE BUILDINGS | ||
| 650 | _aSUSTAINABLE CONSTRUCTION | ||
| 690 | _aBUILDING AND CONSTRUCTION-SUSTAINABLE | ||
| 942 | _n0 | ||
| 999 |
_c102790 _d102790 |
||